000 00743nam a22002657i 4500
003 DO-SdBNP
005 20250416095008.0
007 ta
008 250416b2023 |||||||| |||| 00| 0 eng d
020 _a978994522869
040 _aDO-SdBNP
_bspa
_cBNPHU
_erda
041 _hspa
082 4 _axxx
_bM296p
_222
100 1 _aManzanedo, J. San Miguel
_eautor
_987470
245 1 _aPoesia Desconfinada /
_cJ. San Miguel Manzanedo
250 _aPrimera edición
264 1 _aSanto Domingo:
_bEditora Buho,
_c2023.
300 _a791 páginas ;
_c25 cm
336 _ardacontent
_btexto
_2txt
337 _ardamedia
_bsin mediación
_2n
338 _ardacarrier
_bvolumen
_2nc
590 _aInventariado, 2025/DG
910 _aDG
942 _2ddc
_cLBS1
999 _c58143
_d58143